Sports Quiz

Random Sports or College Quiz
Score 0/20 Timer 07:00
1 Play Today
Hint Answer % Correct
StateColorado
98.3%
Team ColorBlack
93.8%
Team ColorGold
89.6%
Famous Alum: PG Chauncey _______Billups
78.1%
No. of Women's Varsity Sports9
77.4%
No. of Men's Varsity Sports6
77.1%
Primary RivalColorado State
72.6%
NicknameBuffaloes
64.2%
Famous Alum: QB Kordell ________Stewart
61.8%
Primary RivalNebraska
60.1%
Hint Answer % Correct
CityBoulder
58.5%
ConferencePac-12
52.1%
MascotRalphie
44.8%
Sport w/ most NCAA ChampionshipsSkiing (9)
37.8%
Football StadiumFolsom Field
36.5%
Famous Alum: SG _____ BurksAlec
33.7%
MascotChip
21.9%
Fight SongFight CU
12.8%
Athletic DirectorRick George
11.5%
Basketball ArenaCU Events Center
8.5%
Remove Ads.
Support Sporcle.
Get the best of Sporcle when you Go Orange. This ad-free experience offers more features, more stats, and more fun while also helping to support Sporcle. Thank you for becoming a member.

You're not logged in!

Compare scores with friends on all Sporcle quizzes.
OR
Log In

Show Comments

Extras

Top Quizzes Today


Score Distribution

Your Account Isn't Verified!

In order to create a playlist on Sporcle, you need to verify the email address you used during registration. Go to your Sporcle Settings to finish the process.

Report this User

Report this user for behavior that violates our Community Guidelines.

Details: